Business : A changing world
This text emphasizes the nature of business and the trends that should change how business is conducted in the 21st century. Topics covered include: global, quality, diversity, productivity, technology, business ethics and responsibility issues.
Gespeichert in:
| 1. Verfasser: | |
|---|---|
| Format: | Buch |
| Sprache: | Undetermined |
| Veröffentlicht: |
Chicago
Irwin
1996
|
| Schlagworte: | |
| Tags: |
Tag hinzufügen
Keine Tags, Fügen Sie den ersten Tag hinzu!
|
| Thư viện lưu trữ: | Trung tâm Học liệu Trường Đại học Cần Thơ |
|---|
| LEADER | 00796nam a2200217Ia 4500 | ||
|---|---|---|---|
| 001 | CTU_186147 | ||
| 008 | 210402s9999 xx 000 0 und d | ||
| 020 | |c 29.76 | ||
| 082 | |a 650 | ||
| 082 | |b F383 | ||
| 100 | |a Ferrell, O. C. | ||
| 245 | 0 | |a Business : | |
| 245 | 2 | |b A changing world | |
| 245 | 0 | |c O. C. Ferrell, Geoffrey Hirt | |
| 260 | |a Chicago | ||
| 260 | |b Irwin | ||
| 260 | |c 1996 | ||
| 520 | |a This text emphasizes the nature of business and the trends that should change how business is conducted in the 21st century. Topics covered include: global, quality, diversity, productivity, technology, business ethics and responsibility issues. | ||
| 650 | |a Business,Management,Kinh doanh,Quản trị | ||
| 904 | |i Trúc | ||
| 980 | |a Trung tâm Học liệu Trường Đại học Cần Thơ | ||